Convenio constitutivo y reglamentos /

Сохранить в:
Библиографические подробности
Корпоративные авторы: Banco Centroamericano de Integración Económica, BCIE
Формат: Текст
Опубликовано: Tegucigalpa: Banco Centroamericano de Integración Económica
Метки: Добавить метку
Нет меток, Требуется 1-ая метка записи!

MARC

LEADER 00000 a a2200000 04500
001 21383
003
040 |a CRAI/IIS  |c CRAI/IIS 
090 |a 094000  
110 |a Banco Centroamericano de Integración Económica  
245 |a Convenio constitutivo y reglamentos /  |c Banco Centroamericano de Integración Económica  
260 |a Tegucigalpa:   |b Banco Centroamericano de Integración Económica  
300 |a 72 p.  
710 |a BCIE  
999 |c 6349  |d 6349